Web 2.0 Quiz Stats

 Plays Quiz not verified by Sporcle

Challenge
Share
Tweet
Embed
Score 0/10 Timer 10:00
0 Plays Today
Question % Correct
What is the journaling website we used?Penzu
100%
Where did we go on a fieldtrip?Google
100%
What did we use to make flash cards?Cramberry
100%
What did we use to make a story?Storybird
100%
What did we use for online sticky notes?Wallwisher
75%
What online service did we use for video chat?Skype
75%
What did we use to make an online presentation?Prezi
75%
What site offers classes online?Khan Acadamy
50%
What new search engine did Mr. Thomas want us to try?Wolfram Alpha
50%
What site did we use to post about photo editors?Twitter
50%

You're not logged in!

Compare scores with friends on all Sporcle quizzes.
OR
Log In

You Might Also Like...

Show Comments

Extras

Created Mar 27, 2012ReportNominate
Tags:tool, web

Top Quizzes Today


Score Distribution

Your Account Isn't Verified!

In order to create a playlist on Sporcle, you need to verify the email address you used during registration. Go to your Sporcle Settings to finish the process.

Report this User

Report this user for behavior that violates our Community Guidelines.

Details: